00365nam a2200145Ia 4500008004100000041000800041082001100049100002800060245005900088250000800147260002300155300000800178542002200186650001100208220531s9999 xx 000 0 und d aeng a-bDHU aDhumal, K. N. &. Others aFundamentals Of Plant Biotechnology (sem-ii, Paper-ii) a3RD aPunebNiralic2012 aP.5 b45014d22-06-2013 aBotony